فلسفة التحرر القومي العربي في فكر مهدي عامل ، إلياس مرقص ، سمير أمين ، و منيف الرزاز / (رقم التسجيلة. 91910)

تفاصيل مارك
000 -LEADER
fixed length control field 00848nam a22002297a 4500
005 - DATE AND TIME OF LATEST TRANSACTION
control field 20251108172924.0
008 - FIXED-LENGTH DATA ELEMENTS--GENERAL INFORMATION
fixed length control field 250721s2003 xx 000 0 ara d
082 14 - DEWEY DECIMAL CLASSIFICATION NUMBER
Classification number 320.54/فلس
100 1# - MAIN ENTRY--PERSONAL NAME
Personal name غصيب، هشام
245 10 - TITLE STATEMENT
Title فلسفة التحرر القومي العربي في فكر مهدي عامل ، إلياس مرقص ، سمير أمين ، و منيف الرزاز /
264 1# - PRODUCTION, PUBLICATION, DISTRIBUTION, MANUFACTURE, AND COPYRIGHT NOTICE
Place of production, publication, distribution, manufacture عمان :
Name of producer, publisher, distributor, manufacturer مؤسسة ورد للنشر و التوزيع،
Date of production, publication, distribution, manufacture, or copyright notice 2003.
300 ## - PHYSICAL DESCRIPTION
Extent 198 ص.
650 17 - SUBJECT ADDED ENTRY--TOPICAL TERM
Topical term or geographic name as entry element القومية العربية
650 17 - SUBJECT ADDED ENTRY--TOPICAL TERM
Topical term or geographic name as entry element القوميون العرب
650 17 - SUBJECT ADDED ENTRY--TOPICAL TERM
Topical term or geographic name as entry element الوحدة العربية
700 1# - ADDED ENTRY--PERSONAL NAME
Personal name محادين، موفق
700 1# - ADDED ENTRY--PERSONAL NAME
Personal name الجباعي، جاد الكريم
700 1# - ADDED ENTRY--PERSONAL NAME
Personal name أبو ديّة، أيوب
700 1# - ADDED ENTRY--PERSONAL NAME
Personal name الشياب، محمد خالد
942 ## - ADDED ENTRY ELEMENTS (KOHA)
Source of classification or shelving scheme Dewey Decimal Classification
Koha item type كتب
المقتنيات
حالة السحب حالة الفقدان مصدر التصنيف حالة التلف غير قابل للإعارة المكتبة الرئيسية المكتبة الحالية موقع الرف تاريخ التزويد الرقم المتسلسل Total Checkouts رقم الإستدعاء الباركود تاريخ آخر ظهور تاريخ الفاتورة نوع المادة (كوها)
    Dewey Decimal Classification     المكتبة المركزية المكتبة المركزية الإعارة 28/07/2025 26449   320.54/فلس 26449 28/07/2025 28/07/2025 كتب
    Dewey Decimal Classification     مكتبة أبو علندا العامة مكتبة أبو علندا العامة الإعارة 28/07/2025 595751   320.54/فلس 595751 28/07/2025 28/07/2025 كتب
    Dewey Decimal Classification     مكتبة أم قصير والمقابلين العامة مكتبة أم قصير والمقابلين العامة الإعارة 28/07/2025 595750   320.54/فلس 595750 28/07/2025 28/07/2025 كتب
    Dewey Decimal Classification     مكتبة الجويدة مكتبة الجويدة الإعارة 28/07/2025 595746   320.54/فلس 595746 28/07/2025 28/07/2025 كتب
    Dewey Decimal Classification     مكتبة الحسن العامة مكتبة الحسن العامة الإعارة 26/08/2008 595747   320.54/فلس PLD00037334 28/07/2025 26/08/2008 كتب
    Dewey Decimal Classification     مكتبة النصر العامة مكتبة النصر العامة الإعارة 28/07/2025 595753   320.54/فلس 595753 28/07/2025 28/07/2025 كتب
    Dewey Decimal Classification     مكتبة صويلح العامة مكتبة صويلح العامة الإعارة 16/03/2016 595743   320.54/فلس PLD00380372 28/07/2025 16/03/2016 كتب
    Dewey Decimal Classification     مكتبة وادي السير العامة مكتبة وادي السير العامة الإعارة 28/07/2025 595752   320.54/فلس 595752 28/07/2025 28/07/2025 كتب
Implemented & Customized by: BBB with SCIT (Smart Chains for Information Technology)

Powered by Koha